Journal of nursing law

Detalles Bibliográficos
Autor Corporativo: Professional Education Systems
Formato: Desconocido
Lenguaje:inglés
Publicado: Eau Claire, WI : Professional Education Systems, Inc
Materias:
Acceso en línea:Acceso restringido

MARC

LEADER 00000ny a22000003n 4500
005 20110512145850.0
007 cr anunnnuuuaa
008 931218c19939999wiuqr1p 0 a0eng d
022 |a 1073-7472 
035 |a 4071 
040 |a BUS  |d vLex 
050 0 0 |a K10  |b .O8826 
050 0 0 |a K10  |b .O8826 
060 0 0 |a W1  |b JO797CF 
090 |c 1814  |d 1814 
245 0 0 |a Journal of nursing law  |h [Recurso electrn̤ico] 
246 3 3 |a American journal of nursing law 
256 |a Servicio en ln̕ea 
260 |a Eau Claire, WI :  |b Professional Education Systems, Inc 
310 |a Trimestral 
506 1 |a Contenido solo disponible en los productos indicados  |d vLex Global  |d vLex Global (Academic Edition, excluding Law Schools)  |d vLex Global (U.S. Academic Edition, excluding Law Schools) 
650 0 4 |a Enfermera̕  |x Derecho  |x Publicaciones perid̤icas 
650 0 4 |a Health & Law 
710 2 |a Professional Education Systems 
740 0 |a vLex Revista (Servicios en ln̕ea) 
843 |a Electrn̤ica. Abierta 
853 |8 1  |i (year)  |j (month)  |k (day) 
856 4 0 |u http://vlex.com/source/4071  |z Acceso restringido 
942 |c REV